Technológia 1 Rastlinná výroba

Guardado en:
Detalles Bibliográficos
Autor principal: Vybíralová, Júlia
Autor Corporativo: Vysoká škola ekonomická v Bratislave. Fakulta ekonomiky a riadenia výrobných odvetví
Formato: Libro
Lenguaje:eslovaco
Publicado: Bratislava VŠE 1989
Edición:1. vyd.
Etiquetas: Agregar Etiqueta
Sin Etiquetas, Sea el primero en etiquetar este registro!

MARC

LEADER 00000nam a2200000 4500
001 c034142
005 20221215071636.4
041 0 |a slo 
044 |a SK 
245 1 0 |a Technológia 1  |b Rastlinná výroba  |c Júlia Vybíralová 
250 |a 1. vyd. 
264 1 |a Bratislava  |b VŠE  |c 1989 
300 |a 221 s. 
100 1 |a Vybíralová, Júlia 
710 2 |a Vysoká škola ekonomická v Bratislave. Fakulta ekonomiky a riadenia výrobných odvetví